Detalles MARC
| 000 -LÍDER |
| Campo fijo de descripción fija |
01795amm a2200349 i 4500 |
| 001 - NÚMERO DE CONTROL |
| Campo de control |
768714001 |
| 003 - IDENTIFICADOR DEL NÚMERO DE CONTROL |
| Campo de control |
CO-MdFUSB |
| 005 - FECHA Y HORA DE LA ULTIMA TRANSACCIÓN |
| control field |
20250731103519.0 |
| 007 - CAMPO FIJO DE DESCRIPCIÓN FIJA--INFORMACIÓN GENERAL |
| Campo fijo de descripción fija |
cr aa aaaaa |
| 008 - ELEMENTOS DE LONGITUD FIJA -- INFORMACIÓN GENERAL |
| Campo fijo de descripción fija -- Información general |
160701s2014 ck ||||| |||| 00| 0 spa d |
| 040 ## - FUENTE DE CATALOGACIÓN |
| Agencia que realiza la transcripción |
CO-MdFUSB |
| Agencia de catalogación original |
CO-MdFUSB |
| Idioma de catalogación |
Español |
| Agencia que realiza la modificación |
CO-MdFUSB |
| 041 ## - CÓDIGO DE IDIOMA |
| Código de idioma para texto/pista de sonido o título separado |
spa |
| 043 ## - CÓDIGO DE ÁREA GEOGRÁFICA |
| Código de área geográfica |
ck |
| 100 ## - ASIENTO PRINCIPAL--NOMBRE PERSONAL |
| Nombre personal |
Coneo, Jesús David |
| Término relacionador |
autor |
| 245 03 - TÍTULO |
| Título del Material |
El dicho y el hecho en el mismo trecho |
| Mención de responsabilidad, etc. |
/ Jesús David Coneo ; asesorado por Milton Acosta |
| Medio físico |
[electrónico] |
| 264 ## - PRODUCTION, PUBLICATION, DISTRIBUTION, MANUFACTURE, AND COPYRIGHT NOTICE |
| Lugar de procducción, publication, distribution, manufacture |
Medellín, Colombia |
| Nombre del productor, publicador, distribuidor y manofactura |
: FUSBC, |
| Fecha de producción, distribución, manufactura, o nota de copyright |
2014 |
| 300 ## - DESCRIPCIÓN FÍSICA |
| Extensión |
34 páginas |
| 336 ## - TIPO DE CONTENIDO |
| Fuente |
rdacontent |
| Tipo de contenido |
texto |
| Content type code |
txt |
| 337 ## - TIPO DE MEDIO |
| Fuente |
rdamedia |
| Tipo de medio |
informático |
| Código |
c |
| 338 ## - TIPO DE SOPORTE |
| Fuente |
rdacarrier |
| rdacarrier |
remoto |
| Código |
cr |
| 502 ## - NOTA DE TESIS |
| Nota de Tesis |
Trabajo de grado. |
| Tipo de estudio |
Teología -- |
| Nombre de la Institución del grado |
Fundación Universitaria Seminario Bíblico de Colombia ) |
| Año de graduación |
2014 |
| 505 ## - NOTA DE CONTENIDO |
| Nota de contenido con formato preestablecido |
El Culto: el dicho y el hecho en Deuteronomio -- El dicho y el hecho: del Antiguo al Nuevo Testamento -- El dicho y el hecho hoy |
| 520 ## - NOTA DE RESUMEN, ETC. |
| Nota de sumario, etc. |
En esta investigación se tomará como punto de partida el culto, con el propósito de mostrar el lugar que tiene la praxis en éste. Lo que se quiere, específicamente, es demostrar que el culto no se limita sólo a palabras piadosas, sino que la fe proclamada en éste debe dar lugar a la praxis que apunta el amor a Dios y al prójimo, por tanto el dicho, la praxis y el hecho se encuentran en un mismo lugar, el culto, y van de la mano como señal de fidelidad de Dios y del creyente. |
| 535 ## - LOCALIZACIÓN DE ORIGINALES / DUPLICADOS Y NOTAS |
| Custodian |
Recurso en REPCI |
| 630 07 - ASIENTO SECUNDARIO DE MATERIA - TITULO UNIFORME |
| Título uniforme |
Biblia. |
| Nombre de parte o sección de la obra |
Antiguo Testamento |
| Subdivisión general |
Crítica, interpretación, etc. |
| 630 07 - ASIENTO SECUNDARIO DE MATERIA - TITULO UNIFORME |
| Título uniforme |
Biblia. |
| Nombre de parte o sección de la obra |
Deuteronomio |
| Subdivisión general |
Crítica, interpretación, etc. |
| 653 ## - TERMINO DE INDIZACION - NO CONTROLADO |
| Término de indización no controlado |
Culto |
| 653 ## - TERMINO DE INDIZACION - NO CONTROLADO |
| Término de indización no controlado |
Liturgia |
| 700 ## - ASIENTO SECUNDARIO - NOMBRE PERSONAL |
| 9 (RLIN) |
93 |
| Nombre personal |
Acosta, Milton |
| Responsabilidad |
asesor |
| 856 ## - LOCALIZACIÓN Y ACCESO ELECTRÓNICOS |
| Nombre del sitio |
REPCI |
| Identificador Uniforme del Recurso |
https://repositorio.repci.co/handle/123456789/151 |
| 942 ## - TIPO DE MATERIAL (KOHA) |
| Tipo de Item KOHA |
Trabajos de Grado |